000 00287nam a22001337a 4500
008 170731b xxu||||| |||| 00| 0 eng d
020 _a9780672326929
041 _aeng
080 _a004
100 _a32
101 _aSHK
245 _aMASTERING TECHNOLOGY
_cBUSBY,J
942 _2udc
_cBK
999 _c22263
_d22263